LEADER 01148nam a2200229 i 4500 001 000000034982 003 CaOOAMICUS 005 20140307000000.0 008 140307s1951 xx u000 u fre u 013 $a2582 040 $aSeMil$bita 100 1 $aGauthier, René Antoine .$0(OLS)http://semarc/name/5577 245 10$aMagnanimité :$bl'idéal de la grandeur dans la philosophie païenne et dans la théologie chrétienne /$cPar R.-A. Gauthier , O. P. Professeur au Counvet d'Études de Chambéry-Leysse. 260 $aParis :$bLibrairie Philosophique J. Vrin,$c1951. 300 $a522 p. ;$c26 cm. 490 0 $aBibliothèque thomiste ;$v28. 650 4$aFilosofia - Storia - Studi.$0(OLS)http://semarc/subject/305 830 0$aBibliothèque thomiste ;$v28.$0(OLS)http://semarc/title/124 850 $aSeMil 852 $aSeMil$W1$xVenegono$y1$m2N VI 178$j1137$B1137$CSeMilBibl$Z2$F1137 $81 996 $6245$aMagnanimité :$bl'idéal de la grandeur dans la philosophie païenne et dans la théologie chrétienne$9(OLS)http://semarc/title/47601 996 $6260$aParis :$bLibrairie Philosophique J. Vrin$9(OLS)http://semarc/publisher/30022 LEADER 00951nam a2200253 i 4500 001 000000070888 003 CaOOAMICUS 005 20060117000000.0 008 060117s1953 it u000 u ita u 013 $a42060 040 $aSeMil$bita 245 13$aLe nuove notti arabe e altri racconti /$cR. L. Stevenson ; a cura di Laura Babini. 260 $aRoma :$bGherardo Casini,$cstampa 1953. 300 $a678 p. ;$c21 cm. 490 0 $aI grandi maestri ;$v15 500 $aFondo Ciprandi. 700 1 $aBabini, Laura.$0(OLS)http://semarc/name/35277 830 2$aI grandi maestri ;$v15.$0(OLS)http://semarc/title/9745 850 $aSeMil 852 $aSeMil$W1$xVenegono$y1$m1W II 232$j37041$B37041$CSeMilBibl$Z2$F37044 $81 941 1 $a1 961 $aOmaggio: Ciprandi dott. Paolo 996 $6245$aLe nuove notti arabe e altri racconti$9(OLS)http://semarc/title/113905 996 $6260$aRoma :$bGherardo Casini$9(OLS)http://semarc/publisher/33968